| 000 | 00445nam a2200157 i 4500 | ||
|---|---|---|---|
| 001 | 78708 | ||
| 003 | ES-MaACL | ||
| 007 | t| | ||
| 008 | 031020s1980 sp ||||1| spa d | ||
| 100 | 1 |
_aDonghi, Julio Halperin. _945315 |
|
| 245 | 1 | 0 |
_aHistoria Contemporánea de América Latina / _cJulio Halperin Donghi. |
| 250 | _a[8ª ed.]. | ||
| 260 |
_aMadrid : _bAlianza, _c[1980] |
||
| 300 |
_a549 p. ; _c18 cm. |
||
| 852 |
_aES-MaACL _jE-5474 _bR.100842 |
||
| 999 |
_c78708 _d78708 |
||